<?xml version="1.0" encoding="UTF-8"?>
<record
    xmlns:xsi="http://www.w3.org/2001/XMLSchema-instance"
    xsi:schemaLocation="http://www.loc.gov/MARC21/slim http://www.loc.gov/standards/marcxml/schema/MARC21slim.xsd"
    xmlns="http://www.loc.gov/MARC21/slim">

  <leader>00461nam a2200133   4500</leader>
  <controlfield tag="008">240726b        |||||||| |||| 00| 0 eng d</controlfield>
  <datafield tag="040" ind1=" " ind2=" ">
    <subfield code="a">National Science Library</subfield>
    <subfield code="c">National Science Library</subfield>
  </datafield>
  <datafield tag="100" ind1=" " ind2=" ">
    <subfield code="a">Neamtu, Alexandru</subfield>
  </datafield>
  <datafield tag="245" ind1=" " ind2=" ">
    <subfield code="a">Izvoarele rascoalei lui horea</subfield>
  </datafield>
  <datafield tag="260" ind1=" " ind2=" ">
    <subfield code="a">Romania: </subfield>
    <subfield code="b">Editura Academiei Republicii Socialiste, </subfield>
    <subfield code="c">1982</subfield>
  </datafield>
  <datafield tag="490" ind1=" " ind2=" ">
    <subfield code="a">Series A. Diplomataria</subfield>
  </datafield>
  <datafield tag="500" ind1=" " ind2=" ">
    <subfield code="a">Vol. 1, Premisele Rascoalei 1773-1784
Vol. 3, 1785</subfield>
  </datafield>
  <datafield tag="942" ind1=" " ind2=" ">
    <subfield code="2">udc</subfield>
    <subfield code="c">BK</subfield>
  </datafield>
  <datafield tag="999" ind1=" " ind2=" ">
    <subfield code="c">64810</subfield>
    <subfield code="d">64810</subfield>
  </datafield>
  <datafield tag="952" ind1=" " ind2=" ">
    <subfield code="0">0</subfield>
    <subfield code="1">0</subfield>
    <subfield code="2">udc</subfield>
    <subfield code="4">0</subfield>
    <subfield code="7">0</subfield>
    <subfield code="9">177801</subfield>
    <subfield code="a">NSL</subfield>
    <subfield code="b">NSL</subfield>
    <subfield code="c">SF/RK-B3/C-1/R-1</subfield>
    <subfield code="d">1985-09-09</subfield>
    <subfield code="h">Vol. 1</subfield>
    <subfield code="l">0</subfield>
    <subfield code="p">166752</subfield>
    <subfield code="r">2024-07-26 00:00:00</subfield>
    <subfield code="w">1985-09-09</subfield>
    <subfield code="y">BK</subfield>
  </datafield>
  <datafield tag="952" ind1=" " ind2=" ">
    <subfield code="0">0</subfield>
    <subfield code="1">0</subfield>
    <subfield code="2">udc</subfield>
    <subfield code="4">0</subfield>
    <subfield code="7">0</subfield>
    <subfield code="9">177802</subfield>
    <subfield code="a">NSL</subfield>
    <subfield code="b">NSL</subfield>
    <subfield code="c">SF/RK-B3/C-1/R-1</subfield>
    <subfield code="d">1985-09-09</subfield>
    <subfield code="h">Vol. 3</subfield>
    <subfield code="l">0</subfield>
    <subfield code="p">166754</subfield>
    <subfield code="r">2024-07-26 00:00:00</subfield>
    <subfield code="w">1985-09-09</subfield>
    <subfield code="y">BK</subfield>
  </datafield>
</record>
